000 00575nam a2200157 i 4500
001 33687
003 ES-MaACL
005 20230906154813.0
007 t|
008 030203q1946 sp ||||1| spa d
100 1 _aBeveridge, William H.
_928714
245 1 0 _aConferencias de William H. Beveridge
_b: inauguración de la Cátedra de Seguridad Social, dotada por el Instituto Nacional de Previsión (marzo de 1946].
260 _a[S.l. :
_bs.n.,
_c1946?] (
_eMadrid :
_fImp. S. Aguirre)
300 _a24 p. :
_b1 retr. aut. ;
_c16 cm.
852 _aES-MaACL
_j1868-F-11
_bR.22502
999 _c33687
_d33687